书目信息 |
| 题名: |
果树育苗手册
|
|
| 作者: | 张开春 主编 | |
| 分册: | ||
| 出版信息: | 北京 中国农业出版社 2000.01 |
|
| 页数: | 400页 | |
| 开本: | 20cm | |
| 丛书名: | 农技员丛书 | |
| 单 册: | ||
| 中图分类: | S660.4 | |
| 科图分类: | ||
| 主题词: | 果树--育苗--基本知识 | |
| 电子资源: | ||
| ISBN: | 7-109-06420-4 | |
| 000 | 00845nam 2200241 450 | |
| 001 | 0112001007 | |
| 005 | 20051012095258.86 | |
| 010 | @a7-109-06420-4@dCNY16.60 | |
| 100 | @a20010214d2000 em y0chiy0110 ea | |
| 101 | 0 | @achi |
| 102 | @aCN@b110000 | |
| 105 | @ak z 000yy | |
| 200 | 1 | @a果树育苗手册@Aguo shu yu miao shou ce@f张开春主编@Fzhang kai chun zhu bian |
| 210 | @a北京@c中国农业出版社@d2000.01 | |
| 215 | @a400页@d20cm | |
| 225 | 2 | @a农技员丛书@v27 |
| 330 | @a本书介绍了果树育苗的生物学基础、苗圃规划、苗圃基本操作、病虫害防治、无病毒果苗培育等方面的知识;在此基础上重点介绍了苹果、梨、桃、李、樱桃、枣、核桃等多种果树的育苗方法。 | |
| 410 | 0 | @12001 @a农技员丛书 |
| 606 | 0 | @a果树@x育苗@x基本知识 |
| 690 | @aS660.4@v4 | |
| 701 | 0 | @a张开春@Azhang kai chun@4主编 |
| 801 | 0 | @aCN@bQSSK@c20051012 |
| 905 | @a10447@dS660.4@eZ130 | |
| 果树育苗手册/张开春主编.-北京:中国农业出版社,2000.01 |
| 400页;20cm.-(农技员丛书;27) |
| ISBN 7-109-06420-4:CNY16.60 |
| 本书介绍了果树育苗的生物学基础、苗圃规划、苗圃基本操作、病虫害防治、无病毒果苗培育等方面的知识;在此基础上重点介绍了苹果、梨、桃、李、樱桃、枣、核桃等多种果树的育苗方法。 |
| ● |
| 相关链接 |
|
|
|
正题名:果树育苗手册
索取号:S660.4/Z130
 
预约/预借
| 序号 | 登录号 | 条形码 | 馆藏地/架位号 | 状态 | 备注 |
| 1 | 565297 | 205652970 | 自科二线504/504自科库 47排2列4层/ [索取号:S660.4/Z130] | 在馆 | |
| 2 | 565298 | 205652989 | 自科二线504/504自科库 47排2列4层/ [索取号:S660.4/Z130] | 在馆 |